<?xml version="1.0" encoding="UTF-8"?>
<record
    xmlns:xsi="http://www.w3.org/2001/XMLSchema-instance"
    xsi:schemaLocation="http://www.loc.gov/MARC21/slim http://www.loc.gov/standards/marcxml/schema/MARC21slim.xsd"
    xmlns="http://www.loc.gov/MARC21/slim">

  <leader>01721nab a2200241uuc4500</leader>
  <controlfield tag="001">1276445</controlfield>
  <controlfield tag="005">20240202104257.0</controlfield>
  <controlfield tag="008">120315m01uu2011                    spa  </controlfield>
  <datafield tag="035" ind1=" " ind2=" ">
    <subfield code="a">1276445</subfield>
  </datafield>
  <datafield tag="035" ind1=" " ind2=" ">
    <subfield code="a">(OCoLC)820633354</subfield>
  </datafield>
  <datafield tag="040" ind1=" " ind2=" ">
    <subfield code="c">comduadb</subfield>
  </datafield>
  <datafield tag="041" ind1=" " ind2=" ">
    <subfield code="a">spa</subfield>
  </datafield>
  <datafield tag="100" ind1="1" ind2="0">
    <subfield code="a">Rend&#xF3;n G&#xF3;mez, Jaime Alberto</subfield>
    <subfield code="4">aut</subfield>
    <subfield code="e">aut</subfield>
    <subfield code="9">669579</subfield>
  </datafield>
  <datafield tag="245" ind1="1" ind2="0">
    <subfield code="a">C&#xE9;lulas madre en odontolog&#xED;a</subfield>
  </datafield>
  <datafield tag="520" ind1="3" ind2=" ">
    <subfield code="a">En la actualidad los procedimientos restaurativos en odontolog&#xED;a presentan una gran demanda por parte de los pacientes. Estos procedimientos, que buscan restaurar estructuras perdidas por distintas causas, tienen diferentes enfoques y pueden ser realizados de muchas maneras. La era moderna ofrece un enfoque novedoso que permite la restauraci&#xF3;n de tejidos y estructuras perdidas mediante el uso de la ingenier&#xED;a de tejidos. Este novedoso sistema permite, desde distintas &#xE1;reas, como la terapia con c&#xE9;lulas madre, la biolog&#xED;a molecular y la biolog&#xED;a celular, que los tejidos da&#xF1;ados o perdidos sean reparados o reemplazados usando tejidos naturales del mismo paciente, lo que representa numerosos beneficios. El objetivo de este trabajo es hacer una revisi&#xF3;n de la literatura sobre la ingenier&#xED;a de tejidos para poder conocer m&#xE1;s a fondo sus beneficios y usos en el &#xE1;rea odontol&#xF3;gica.</subfield>
  </datafield>
  <datafield tag="650" ind1=" " ind2=" ">
    <subfield code="a">Regeneraci&#xF3;n (Biolog&#xED;a)</subfield>
    <subfield code="9">3856</subfield>
  </datafield>
  <datafield tag="650" ind1=" " ind2=" ">
    <subfield code="a">C&#xE9;lulas madre</subfield>
    <subfield code="9">26199</subfield>
  </datafield>
  <datafield tag="650" ind1=" " ind2=" ">
    <subfield code="a">Ingenier&#xED;a de tejidos</subfield>
    <subfield code="9">128012</subfield>
  </datafield>
  <datafield tag="700" ind1="1" ind2="0">
    <subfield code="a">Jim&#xE9;nez, Lina Patricia</subfield>
    <subfield code="4">aut</subfield>
    <subfield code="e">aut</subfield>
    <subfield code="9">658084</subfield>
  </datafield>
  <datafield tag="700" ind1="1" ind2="0">
    <subfield code="a">Urrego, Paola Andrea</subfield>
    <subfield code="4">aut</subfield>
    <subfield code="e">aut</subfield>
    <subfield code="9">649578</subfield>
  </datafield>
  <datafield tag="773" ind1="0" ind2=" ">
    <subfield code="t">CES Odontolog&#xED;a. Instituto de Ciencias de la Salud (Medell&#xED;n)</subfield>
    <subfield code="g">Volumen 24, N&#xFA;mero 01, Enero-Junio 2011, p. 51-58</subfield>
    <subfield code="w">371333</subfield>
    <subfield code="x">22159185  E</subfield>
    <subfield code="0">112617</subfield>
  </datafield>
  <datafield tag="942" ind1=" " ind2=" ">
    <subfield code="c">ARIMP</subfield>
  </datafield>
  <datafield tag="999" ind1=" " ind2=" ">
    <subfield code="c">609806</subfield>
    <subfield code="d">609806</subfield>
  </datafield>
</record>
